Theorie der Wechselstromschaltungen : Lehrbuch /

Guardado en:
Detalles Bibliográficos
Autor principal: Lunze, Klaus (Autor)
Formato: Libro
Lenguaje:alemán
Publicado: Berlin : VEB Verlag Technik, 1974
Edición:4.prepr.vyd.
Etiquetas: Agregar Etiqueta
Sin Etiquetas, Sea el primero en etiquetar este registro!

MARC

LEADER 00000nam a22000003a 4500
001 stu38786
005 20150617225723.9
008 921125s1974----gw------------------ger-d
040 |a STU  |b slo 
041 0 |a ger 
044 |a gw 
100 1 |a Lunze, Klaus  |4 aut 
245 1 |a Theorie der Wechselstromschaltungen :  |b Lehrbuch /  |c [aut.]Klaus Lunze 
250 |a 4.prepr.vyd. 
260 |a Berlin :  |b VEB Verlag Technik,  |c 1974 
300 |a 285 s 
996 |b 284M047569  |c M*1597-1  |l MMKN  |s A  |a 24  |w stu38786_0001